Carte des colonies britanniques - Statistiques

Statistiques générales
  • Ce quiz a été pris 481 fois
    428 depuis la dernière actualisation
  • Le résultat moyen est 39 sur 72
Réponses sur la Carte
Les réponses sont colorées sur une échelle allant du rouge au vert en fonction du pourcentage des utilisateurs qui les ont devinées à leur premier essai. Vous pouvez retrouver ces pourcentages ci-dessous.
 
Statistiques - réponses
Réponse % Correct
Canada
98%
Raj britannique
94%
Australie
93%
Egypte
92%
Irlande
91%
Union d'Afrique du Sud
90%
Soudan anglo-égyptien
89%
Guyane britannique
86%
Nouvelle-Zélande
86%
Mascate et Oman
84%
Irak mandataire
83%
Nigeria
83%
Birmanie
80%
Ceylan
80%
Émirat de Transjordanie
80%
Kenya
79%
Côte d'Or
78%
Malaisie
78%
Tanganyika
77%
Rhodésie du Sud
76%
Palestine mandataire
75%
Togo
75%
Basutoland
73%
Sierra Leone
72%
Ouganda
69%
Swaziland
69%
Bechuanaland
68%
Qatar
68%
Territoire de Nouvelle-Guinée
68%
Nyassaland
65%
Chypre
64%
Koweït
64%
Bahamas
61%
Jamaïque
59%
Honduras britannique
57%
Terre-Neuve
57%
Malte
54%
Brunei
53%
Fidji
53%
Îles Gilbert et Ellice
50%
Cameroun britannique
48%
Seychelles
47%
Somaliland
46%
Îles Salomon britanniques
45%
Rhodésie du Nord
45%
Condominium des Nouvelles-Hébrides
44%
Tonga
44%
Maldives
43%
Maurice
43%
Trinité et Tobago
42%
Gambie
41%
Singapour
41%
Bahreïn
40%
Nauru
40%
Barbade
32%
Bermudes
28%
Bornéo du Nord
28%
Gibraltar
27%
Îles Malouines
25%
Îles-sous-le-Vent britanniques
24%
Hong Kong
23%
Sainte-Hélène
22%
États de la Trêve
19%
Îles Caïmans
19%
Protectorat d'Aden
18%
Sud-Ouest africain
18%
Zanzibar
16%
Îles Turques-et-Caïques
15%
Îles-du-Vent britanniques
13%
Sarawak
9%
Sikkim
5%
Wei Hai Wei
1%
Aucun quiz correspondant
Distribution des résultats
% des personnes avec chaque résultat
Percentile par nombre de réponses
Votre historique - résultats
Vous n’avez pas pris ce quiz depuis la dernière actualisation